Código penal (Registro nro. 7122)
[ vista simple ]
| 000 -LEADER | |
|---|---|
| fixed length control field | 01109cam a2200313 i 4500 |
| 003 - CONTROL NUMBER IDENTIFIER | |
| control field | OSt |
| 005 - DATE AND TIME OF LATEST TRANSACTION | |
| control field | 20210206153538.0 |
| 008 - FIXED-LENGTH DATA ELEMENTS--GENERAL INFORMATION | |
| fixed length control field | 160205s2005 ck rl 001 0 spa d |
| 020 ## - INTERNATIONAL STANDARD BOOK NUMBER | |
| International Standard Book Number | 9586534057 |
| 040 ## - CATALOGING SOURCE | |
| Original cataloging agency | CO-JMCR |
| Transcribing agency | CO-JMCR |
| 041 0# - LANGUAGE CODE | |
| Language code of text/sound track or separate title | spa |
| 082 04 - DEWEY DECIMAL CLASSIFICATION NUMBER | |
| Classification number | R 343.9861 / |
| Item number | C718c |
| Edition number | 20 |
| 110 1# - MAIN ENTRY--CORPORATE NAME | |
| Corporate name or jurisdiction name as entry element | Colombia |
| 9 (RLIN) | 8040 |
| 240 10 - UNIFORM TITLE | |
| Uniform title | Leyes, etc. |
| 245 10 - TITLE STATEMENT | |
| Title | Código penal |
| 246 33 - VARYING FORM OF TITLE | |
| Title proper/short title | Códigos de procedimiento penal : Ley 906 de 2004 - Ley 600 de 2000 |
| 250 ## - EDITION STATEMENT | |
| Edition statement | Primera edición |
| 264 #1 - PRODUCTION, PUBLICATION, DISTRIBUTION, MANUFACTURE, AND COPYRIGHT NOTICE | |
| Place of production, publication, distribution, manufacture | Bogotá : |
| Name of producer, publisher, distributor, manufacturer | Legis, |
| Date of production, publication, distribution, manufacture, or copyright notice | 2005 |
| 300 ## - PHYSICAL DESCRIPTION | |
| Extent | 31, 386 páginas ; |
| Dimensions | 21 cm + |
| Accompanying material | 1 CD |
| 490 0# - SERIES STATEMENT | |
| Series statement | Códigos básicos |
| 500 ## - GENERAL NOTE | |
| General note | Incluye índice alfabético |
| 505 0# - FORMATTED CONTENTS NOTE | |
| Title | Código penal : Ley 599 de 2000. -- |
| -- | Códigos de procedimiento penal : Ley 906 de 2004. -- |
| -- | Ley 600 de 2000. |
| 610 14 - SUBJECT ADDED ENTRY--CORPORATE NAME | |
| Corporate name or jurisdiction name as entry element | Colombia |
| Title of a work | Ley 599 de 2000 (julio 24) |
| 9 (RLIN) | 13098 |
| 610 14 - SUBJECT ADDED ENTRY--CORPORATE NAME | |
| Corporate name or jurisdiction name as entry element | Colombia |
| Title of a work | Ley 600 de 2000 (julio 24) |
| 9 (RLIN) | 13099 |
| 610 14 - SUBJECT ADDED ENTRY--CORPORATE NAME | |
| Corporate name or jurisdiction name as entry element | Colombia |
| Title of a work | Ley 906 de 2004 (agosto 31) |
| 9 (RLIN) | 13100 |
| 650 14 - SUBJECT ADDED ENTRY--TOPICAL TERM | |
| Topical term or geographic name entry element | Derecho penal |
| General subdivision | Legislación |
| Geographic subdivision | Colombia |
| 9 (RLIN) | 13101 |
| 650 24 - SUBJECT ADDED ENTRY--TOPICAL TERM | |
| Topical term or geographic name entry element | Procedimiento penal |
| General subdivision | Legislación |
| Geographic subdivision | Colombia |
| 9 (RLIN) | 13102 |
| 942 ## - ADDED ENTRY ELEMENTS (KOHA) | |
| Source of classification or shelving scheme | Dewey Decimal Classification |
| Koha item type | Books |
| Withdrawn status | Lost status | Source of classification or shelving scheme | Damaged status | Not for loan | Home library | Current library | Date acquired | Full call number | Barcode | Date last seen | Copy number | Price effective from | Koha item type |
|---|---|---|---|---|---|---|---|---|---|---|---|---|---|
| Dewey Decimal Classification | Biblioteca Pública José María del Castillo y Rada | Biblioteca Pública José María del Castillo y Rada | 02/06/2021 | R 343.9861 / C718c | 201810461 | 02/06/2021 | Ej.1 | 02/06/2021 | Books |